000 00367 a2200121 4500
000 nam a22 7a 4500
005 20260228112011.0
020 _a9781009521710
100 _aChakrabarti, Anindita; Harris-White, Barbara
_91116857
245 _aGold in India: Commodity, Culture and Economic circuits
260 _bCambridge University Press
_c2025
942 _cTEXL
999 _c1680339
_d1680339